000 00448cam a2200181 4500
008 090401t1988 xxu||||| |||| 00| 0 eng d
020 _a0333454278
035 _a(Sirsi) u36233
041 _aeng
050 _a658
100 _aPeters, Tom
245 _aThriving on chaos : handbook for a management revolution
260 _aLondon
_bMacMillan
_c1988
300 _axii,561p. ; 24cm.
350 _a14.95
942 _n0
948 _c04/03/1997
999 _c90224
_d90224